Voyager and Other Fictions : (Record no. 5377)

MARC details
000 -LEADER
fixed length control field 00821nam a22002297a 4500
003 - CONTROL NUMBER IDENTIFIER
control field OSt
005 - DATE AND TIME OF LATEST TRANSACTION
control field 20251103020718.0
008 - FIXED-LENGTH DATA ELEMENTS--GENERAL INFORMATION
fixed length control field 251103b |||||||| |||| 00| 0 eng d
020 ## - INTERNATIONAL STANDARD BOOK NUMBER
International Standard Book Number 978-971-27-3779-4
040 ## - CATALOGING SOURCE
Original cataloging agency DWCL - Main Lib
Transcribing agency OC
082 ## - DEWEY DECIMAL CLASSIFICATION NUMBER
Classification number Fil. 899.210301 D136v 2023
Edition number 2nd
100 ## - MAIN ENTRY--PERSONAL NAME
Personal name Dalisay, Jose Y., Jr.
245 ## - TITLE STATEMENT
Title Voyager and Other Fictions :
Remainder of title The Collected Stories of Jose Dalisay /
Statement of responsibility, etc. Jose Y. Dalisay, Jr.
250 ## - EDITION STATEMENT
Edition statement 2nd
260 ## - PUBLICATION, DISTRIBUTION, ETC.
Place of publication, distribution, etc. Mandaluyong City, Philippines :
Name of publisher, distributor, etc. Anvil Publishing, Inc.,
Date of publication, distribution, etc. c2023.
300 ## - PHYSICAL DESCRIPTION
Extent xxx , 461 pages ;
Dimensions 20 cm.
650 ## - SUBJECT ADDED ENTRY--TOPICAL TERM
Topical term or geographic name entry element 1. Dalisay, Jose - Literary Works
650 ## - SUBJECT ADDED ENTRY--TOPICAL TERM
Topical term or geographic name entry element 2. Philippine Fiction (English)
650 ## - SUBJECT ADDED ENTRY--TOPICAL TERM
Topical term or geographic name entry element 3. Short Stories, Philippines (English)
700 ## - ADDED ENTRY--PERSONAL NAME
Personal name I. Cristina Pantoja-Hidalgo (Introduction)
942 ## - ADDED ENTRY ELEMENTS (KOHA)
Source of classification or shelving scheme Dewey Decimal Classification
Koha item type Book-Filipiniana
Call number suffix Fil.
Suppress in OPAC No
Edition 2nd
952 ## - LOCATION AND ITEM INFORMATION (KOHA)
--
Holdings
Withdrawn status Lost status Source of classification or shelving scheme Damaged status Not for loan Home library Current library Shelving location Date acquired Source of acquisition Total Checkouts Full call number Barcode Date last seen Copy number Price effective from Koha item type Uniform Resource Identifier
    Dewey Decimal Classification     Junior High School Library Junior High School Library Filipiniana 03/21/2024 School Fund   Fil. 899.210301 D136v 2023 JHS - 21309 11/03/2025 c1 11/03/2025 BK - FIL